000 007490000a22002410004500
003 LK-CoMWRAF
005 20231113112846.0
008 230817t1993 ||||| |||| 00| 0 eng d
020 _a0880294523
040 _aLK-CoMWRAF
_dLK-CoMWRAF
_eLK-CoMWRAF
041 _aeng
082 _a909.07
_bARA
245 _aArab Historians of the Crusades:
_bSelected and translated from the Arabic sources
260 _aNew York:
_bBarnes & Noble Books,
_c1993
300 _axxxvi, 362 p. 23 cm
_bIndex included
650 _aCRUSADES
650 _aCrusades-Sources
650 _aHistorians-Arab countries.
650 _aJerusalem-History-Latin Kingdom-Sources.
700 _aGabrieli, Francesco
_ecomp.
700 _aCostello, E.J.
_etrans.
942 _cBK
999 _c2412
_d2412